000 00341nam a2200145Ia 4500
008 230718s9999 xx 000 0 und d
041 _aEng.
082 _a349.07
_bCHE-T
100 _aCheema Zahed isbal
245 4 _aThe Comperies &dinance
260 _aPakistan
_bManzon law book
_c2012
300 _a304
650 _aLaw
999 _c26896
_d26896